[Event "DVM U10 2020"]
[Site "Magdeburg GER"]
[Date "2021.08.08"]
[Round "6"]
[White "Merenda, Lukas-Benedikt"]
[Black "Schriefer, Leo Hans"]
[Result "1-0"]
[Termination "normal"]
[Board "2.2"]
[WhiteElo "1222"]
[BlackElo "1037"]
[WhiteClock "00:04:49"]
[BlackClock "00:05:55"]
[WhiteTeam "Schachfreunde München e.V."]
[BlackTeam "TSG Oberschöneweide e.V."]
[PlyCount "39"]
[WhiteFideId "34603336"]
[BlackFideId "16266935"]
[EventCountry "GER"]
[EventRounds "7"]
[EventType "team-swiss"]
[EventDate "2021.08.06"]

1. e4 {[%clk 00:55:09]} c5 {[%clk 00:55:09]} {[%emt 00:00:02]} 2. Nc3 {[%clk
00:55:08]} {[%emt 00:00:05]} Nc6 {[%clk 00:55:06]} {[%emt 00:00:09]} 3. Bb5
{[%clk 00:55:08]} {[%emt 00:00:05]} Nd4 {[%clk 00:52:14]} {[%emt 00:02:57]} 4.
Nf3 {[%clk 00:55:04]} {[%emt 00:00:09]} Nxb5 {[%clk 00:52:14]} {[%emt
00:00:05]} 5. Nxb5 {[%clk 00:54:59]} {[%emt 00:00:11]} a6 {[%clk 00:51:39]}
{[%emt 00:00:40]} 6. Nc3 {[%clk 00:54:49]} {[%emt 00:00:14]} d6 {[%clk
00:51:25]} {[%emt 00:00:18]} 7. d4 {[%clk 00:54:20]} {[%emt 00:00:34]} cxd4
{[%clk 00:50:58]} {[%emt 00:00:32]} 8. Qxd4 {[%clk 00:53:34]} {[%emt 00:00:51]}
Bg4 {[%clk 00:48:33]} {[%emt 00:02:31]} 9. Be3 {[%clk 00:49:09]} {[%emt
00:04:29]} Rb8 {[%clk 00:44:57]} {[%emt 00:03:42]} 10. O-O-O {[%clk 00:47:20]}
{[%emt 00:01:51]} b5 {[%clk 00:42:58]} {[%emt 00:02:07]} 11. a3 {[%clk
00:46:48]} {[%emt 00:00:37]} a5 {[%clk 00:35:13]} {[%emt 00:07:50]} 12. e5
{[%clk 00:43:57]} {[%emt 00:02:55]} Bxf3 {[%clk 00:33:42]} {[%emt 00:01:36]}
13. gxf3 {[%clk 00:43:25]} {[%emt 00:00:38]} b4 {[%clk 00:31:40]} {[%emt
00:02:07]} 14. Nd5 {[%clk 00:41:51]} {[%emt 00:01:38]} e6 {[%clk 00:30:29]}
{[%emt 00:01:18]} 15. Nb6 {[%clk 00:40:00]} {[%emt 00:01:55]} d5 {[%clk
00:29:52]} {[%emt 00:00:42]} 16. axb4 {[%clk 00:38:55]} {[%emt 00:01:10]} axb4
{[%clk 00:28:57]} {[%emt 00:01:00]} 17. c3 {[%clk 00:38:29]} {[%emt 00:00:31]}
Ne7 {[%clk 00:28:02]} {[%emt 00:01:00]} 18. Qxb4 {[%clk 00:37:27]} {[%emt
00:01:06]} Qc7 {[%clk 00:26:31]} {[%emt 00:01:34]} 19. Qd6 {[%clk 00:28:08]}
{[%emt 00:09:27]} Qd8 {[%clk 00:24:02]} {[%emt 00:02:34]} 20. Qc5 {[%clk
00:27:21]} {[%emt 00:00:51]} f6 {[%clk 00:21:15]} {[%emt 00:02:52]} 21. f4
{[%clk 00:16:55]} {[%emt 00:10:32]} f5 {[%clk 00:19:31]} {[%emt 00:01:49]} 22.
Qd6 {[%clk 00:15:16]} {[%emt 00:01:43]} Kf7 {[%clk 00:18:03]} {[%emt 00:01:33]}
23. Nd7 {[%clk 00:13:17]} {[%emt 00:02:04]} Rc8 {[%clk 00:16:09]} {[%emt
00:02:00]} 24. Nc5 {[%clk 00:12:27]} {[%emt 00:00:54]} Qc7 {[%clk 00:13:26]}
{[%emt 00:02:48]} 25. Qxe6+ {[%clk 00:12:03]} {[%emt 00:00:29]} Ke8 {[%clk
00:13:19]} {[%emt 00:00:12]} 26. Rxd5 {[%clk 00:11:23]} {[%emt 00:00:45]} Qa7
{[%clk 00:12:13]} {[%emt 00:01:10]} 27. Kc2 {[%emt 00:02:12]} Rxc5 {[%clk
00:10:36]} {[%emt 00:01:12]} 28. Rxc5 {[%clk 00:08:58]} {[%emt 00:00:55]} Qa4+
{[%clk 00:10:31]} {[%emt 00:00:10]} 29. Kd2 {[%clk 00:08:43]} {[%emt 00:00:20]}
Qd7+ {[%clk 00:10:05]} {[%emt 00:00:31]} 30. Qxd7+ {[%clk 00:08:36]} {[%emt
00:00:11]} Kxd7 {[%clk 00:10:09]} {[%emt 00:00:01]} 31. Ke2 {[%clk 00:08:25]}
{[%emt 00:00:16]} Ng6 {[%clk 00:09:49]} {[%emt 00:00:25]} 32. Rd1+ {[%clk
00:08:18]} {[%emt 00:00:12]} Ke7 {[%clk 00:09:50]} {[%emt 00:00:04]} 33. Rc7+
{[%clk 00:08:03]} {[%emt 00:00:20]} Ke8 {[%clk 00:09:46]} {[%emt 00:00:09]} 34.
Ra1 {[%clk 00:07:40]} {[%emt 00:00:28]} Be7 {[%clk 00:09:39]} {[%emt 00:00:12]}
35. Ra8+ {[%clk 00:07:32]} {[%emt 00:00:13]} Bd8 {[%clk 00:09:39]} {[%emt
00:00:05]} 36. Rcc8 {[%clk 00:07:14]} {[%emt 00:00:24]} Ke7 {[%clk 00:09:17]}
{[%emt 00:00:27]} 37. Bc5+ {[%clk 00:07:14]} {[%emt 00:00:04]} Kd7 {[%clk
00:09:13]} {[%emt 00:00:09]} 38. e6+ {[%clk 00:07:06]} {[%emt 00:00:14]} Kxe6
{[%clk 00:09:04]} {[%emt 00:00:11]} 39. Rxd8 {[%clk 00:07:08]} {[%emt
00:00:05]} Rxd8 {[%clk 00:09:02]} {[%emt 00:00:08]} 40. Rxd8 {[%clk 00:07:05]}
{[%emt 00:00:08]} Nxf4+ {[%clk 00:08:57]} {[%emt 00:00:09]} 41. Kf3 {[%clk
00:07:02]} {[%emt 00:00:08]} g5 {[%clk 00:08:52]} {[%emt 00:00:09]} 42. h4
{[%clk 00:06:33]} {[%emt 00:00:35]} h6 {[%clk 00:08:49]} {[%emt 00:00:09]} 43.
hxg5 {[%clk 00:06:25]} {[%emt 00:00:13]} hxg5 {[%clk 00:08:47]} {[%emt
00:00:06]} 44. Rg8 {[%clk 00:06:15]} {[%emt 00:00:15]} Nd3 {[%clk 00:08:42]}
{[%emt 00:00:11]} 45. b4 {[%clk 00:05:43]} {[%emt 00:00:37]} Ne5+ {[%clk
00:08:26]} {[%emt 00:00:20]} 46. Ke2 {[%clk 00:05:35]} {[%emt 00:00:13]} Nf7
{[%clk 00:08:08]} {[%emt 00:00:23]} 47. Rg6+ {[%clk 00:05:20]} {[%emt
00:00:20]} Kd5 {[%clk 00:07:59]} {[%emt 00:00:14]} 48. Rf6 {[%emt 00:00:40]}
Ne5 {[%clk 00:07:34]} 49. Rxf5 {[%clk 00:05:14]} {[%emt 00:00:06]} Ke6 {[%clk
00:07:30]} {[%emt 00:00:10]} 50. Rxg5 {[%clk 00:05:12]} {[%emt 00:00:07]} Kf6
{[%clk 00:07:23]} {[%emt 00:00:12]} 51. Rxe5 {[%clk 00:05:13]} {[%emt
00:00:04]} Kxe5 {[%clk 00:07:23]} {[%emt 00:00:03]} 52. b5 {[%clk 00:05:11]}
{[%emt 00:00:09]} Ke6 {[%clk 00:07:15]} {[%emt 00:00:13]} 53. b6 {[%clk
00:05:12]} {[%emt 00:00:03]} Kd7 {[%emt 00:00:12]} 54. f4 {[%clk 00:05:12]}
{[%emt 00:00:02]} Kd8 {[%clk 00:07:07]} {[%emt 00:00:09]} 55. f5 {[%clk
00:05:09]} {[%emt 00:00:08]} Kd7 {[%clk 00:06:57]} {[%emt 00:00:15]} 56. f6
{[%clk 00:05:11]} {[%emt 00:00:04]} Kc6 {[%clk 00:06:53]} {[%emt 00:00:09]} 57.
f7 {[%clk 00:05:09]} {[%emt 00:00:06]} Kxc5 {[%clk 00:06:53]} {[%emt 00:00:05]}
58. f8=Q+ {[%emt 00:00:16]} Kxb6 {[%clk 00:06:37]} {[%emt 00:00:14]} 59. Qd6+
{[%clk 00:05:05]} {[%emt 00:00:06]} Kb7 {[%clk 00:06:34]} {[%emt 00:00:08]} 60.
c4 {[%clk 00:05:03]} {[%emt 00:00:06]} Kc8 {[%clk 00:06:31]} {[%emt 00:00:08]}
61. Qe7 {[%clk 00:05:03]} {[%emt 00:00:05]} Kb8 {[%clk 00:05:56]} {[%emt
00:00:41]} 62. Qd7 {[%emt 00:00:05]} Ka8 63. Kd3 {[%clk 00:04:57]} {[%emt
00:00:04]} Kb8 {[%emt 00:00:09]} 64. Kd4 {[%clk 00:04:49]} {[%emt 00:00:12]}
Ka8 {[%clk 00:05:51]} {[%emt 00:00:07]} 65. Kc5 {[%clk 00:04:53]} {[%emt
00:00:02]} Kb8 {[%clk 00:05:53]} {[%emt 00:00:03]} 66. Kb6 {[%clk 00:04:52]}
{[%emt 00:00:05]} Ka8 {[%clk 00:05:55]} {[%emt 00:00:04]} 67. Qc8# {[%clk
00:04:49]} {[%emt 00:00:07]} 1-0

[Event "DVM U10 2020"]
[Site "Magdeburg GER"]
[Date "2021.08.08"]
[Round "6"]
[White "Meusel, Theodor"]
[Black "Schäfle, Moritz"]
[Result "0-1"]
[Termination "normal"]
[Board "2.3"]
[WhiteElo "1137"]
[BlackElo "1330"]
[WhiteClock "00:04:09"]
[BlackClock "00:04:14"]
[WhiteTeam "TSG Oberschöneweide e.V."]
[BlackTeam "Schachfreunde München e.V."]
[PlyCount "26"]
[WhiteFideId "34617116"]
[BlackFideId "34617043"]
[EventCountry "GER"]
[EventRounds "7"]
[EventType "team-swiss"]
[EventDate "2021.08.06"]

1. c4 {[%clk 00:55:08]} {[%emt 00:00:01]} e5 {[%clk 00:55:06]} {[%emt
00:00:05]} 2. g3 {[%clk 00:55:11]} {[%emt 00:00:02]} Nf6 {[%clk 00:54:55]}
{[%emt 00:00:16]} 3. Bg2 {[%clk 00:55:11]} {[%emt 00:00:05]} c6 {[%clk
00:54:14]} {[%emt 00:00:46]} 4. d4 {[%clk 00:49:07]} {[%emt 00:06:08]} e4
{[%clk 00:52:26]} {[%emt 00:01:53]} 5. Nc3 {[%clk 00:41:16]} {[%emt 00:07:56]}
d5 {[%clk 00:51:55]} {[%emt 00:00:36]} 6. Bg5 {[%clk 00:40:10]} {[%emt
00:01:11]} Be7 {[%clk 00:50:28]} {[%emt 00:01:38]} 7. e3 {[%clk 00:37:07]}
{[%emt 00:03:13]} O-O {[%clk 00:48:08]} {[%emt 00:02:24]} 8. Qb3 {[%clk
00:34:27]} {[%emt 00:02:46]} dxc4 {[%clk 00:42:25]} {[%emt 00:05:48]} 9. Qxc4
{[%clk 00:33:50]} {[%emt 00:00:41]} Re8 {[%clk 00:36:23]} {[%emt 00:06:07]} 10.
Bxf6 {[%clk 00:28:47]} {[%emt 00:05:08]} Bxf6 {[%clk 00:34:03]} {[%emt
00:02:25]} 11. Nxe4 {[%clk 00:24:55]} {[%emt 00:03:58]} Bf5 {[%clk 00:29:15]}
{[%emt 00:04:51]} 12. Nxf6+ {[%clk 00:22:53]} {[%emt 00:02:08]} Qxf6 {[%clk
00:27:48]} {[%emt 00:01:31]} 13. Nf3 {[%clk 00:21:38]} {[%emt 00:01:21]} Bg4
{[%emt 00:01:14]} 14. Ne5 {[%clk 00:19:48]} {[%emt 00:01:53]} Be6 {[%clk
00:22:03]} {[%emt 00:04:43]} 15. Qb4 {[%clk 00:18:24]} {[%emt 00:01:29]} Bc8
{[%clk 00:17:41]} {[%emt 00:04:27]} 16. O-O {[%clk 00:14:30]} {[%emt 00:04:00]}
Na6 {[%clk 00:16:57]} {[%emt 00:00:49]} 17. Qc3 {[%clk 00:13:50]} {[%emt
00:00:45]} Bf5 {[%clk 00:14:33]} {[%emt 00:02:28]} 18. Rfd1 {[%clk 00:12:38]}
{[%emt 00:01:17]} Rad8 {[%clk 00:13:24]} {[%emt 00:01:14]} 19. Qb3 {[%clk
00:12:09]} {[%emt 00:00:35]} Qe7 {[%clk 00:12:23]} {[%emt 00:01:05]} 20. Bf1
{[%clk 00:11:25]} {[%emt 00:00:48]} Nb8 {[%clk 00:11:26]} {[%emt 00:01:03]} 21.
Bc4 {[%clk 00:11:14]} {[%emt 00:00:16]} Be6 {[%clk 00:10:26]} {[%emt 00:01:06]}
22. Bxe6 {[%clk 00:11:08]} {[%emt 00:00:11]} fxe6 {[%clk 00:10:26]} {[%emt
00:00:05]} 23. Rac1 {[%clk 00:10:48]} {[%emt 00:00:25]} Rf8 {[%clk 00:10:07]}
{[%emt 00:00:24]} 24. Nd3 {[%clk 00:10:19]} {[%emt 00:00:33]} Rf6 {[%clk
00:09:23]} {[%emt 00:00:49]} 25. Rc5 {[%clk 00:10:05]} {[%emt 00:00:18]} Rdf8
{[%clk 00:09:08]} {[%emt 00:00:22]} 26. Re5 {[%clk 00:09:37]} {[%emt 00:00:33]}
Qf7 {[%clk 00:08:10]} {[%emt 00:01:03]} 27. Nf4 {[%clk 00:09:25]} {[%emt
00:00:17]} Re8 {[%clk 00:07:26]} {[%emt 00:00:49]} 28. Qc4 {[%clk 00:06:01]}
{[%emt 00:03:28]} Nd7 {[%clk 00:07:00]} {[%emt 00:00:31]} 29. Ra5 {[%clk
00:05:37]} {[%emt 00:00:29]} a6 {[%clk 00:06:16]} {[%emt 00:00:49]} 30. Ra4
{[%clk 00:05:03]} {[%emt 00:00:39]} b5 {[%clk 00:06:12]} {[%emt 00:00:09]} 31.
Qxc6 {[%clk 00:04:57]} {[%emt 00:00:12]} bxa4 {[%clk 00:06:05]} {[%emt
00:00:11]} 32. Qxa6 {[%clk 00:04:59]} {[%emt 00:00:03]} e5 {[%clk 00:05:47]}
{[%emt 00:00:24]} 33. Qxa4 {[%clk 00:04:57]} {[%emt 00:00:06]} exf4 {[%clk
00:05:42]} {[%emt 00:00:10]} 34. exf4 {[%clk 00:05:02]} {[%emt 00:00:01]} Qe7
{[%clk 00:05:08]} {[%emt 00:00:38]} 35. Qb3+ {[%clk 00:04:48]} {[%emt
00:00:19]} Qf7 {[%clk 00:04:57]} {[%emt 00:00:16]} 36. Qa4 {[%clk 00:04:50]}
{[%emt 00:00:03]} Rfe6 {[%clk 00:04:54]} {[%emt 00:00:09]} 37. Kg2 {[%clk
00:04:31]} {[%emt 00:00:24]} Re2 {[%clk 00:04:24]} {[%emt 00:00:33]} 38. b3
{[%clk 00:04:34]} {[%emt 00:00:03]} Qd5+ {[%clk 00:04:23]} {[%emt 00:00:06]}
39. Kh3 {[%clk 00:04:16]} {[%emt 00:00:23]} Rxf2 {[%clk 00:04:12]} {[%emt
00:00:15]} 40. b4 {[%clk 00:04:09]} {[%emt 00:00:14]} Qh5# {[%clk 00:04:14]}
{[%emt 00:00:02]} 0-1

[Event "DVM U10 2020"]
[Site "Magdeburg GER"]
[Date "2021.08.08"]
[Round "6"]
[White "Helfer, Lucas"]
[Black "Gersemann, Karl"]
[Result "0-1"]
[Termination "normal"]
[Board "2.4"]
[WhiteElo "761"]
[BlackElo "1318"]
[WhiteClock "00:21:34"]
[BlackClock "00:28:52"]
[WhiteTeam "Schachfreunde München e.V."]
[BlackTeam "TSG Oberschöneweide e.V."]
[PlyCount "105"]
[BlackFideId "34602186"]
[EventCountry "GER"]
[EventRounds "7"]
[EventType "team-swiss"]
[EventDate "2021.08.06"]

1. e4 {[%clk 00:55:09]} {[%emt 00:00:01]} c5 {[%clk 00:55:04]} {[%emt
00:00:06]} 2. Nf3 {[%clk 00:55:04]} {[%emt 00:00:10]} d6 {[%clk 00:55:04]}
{[%emt 00:00:05]} 3. Bc4 {[%clk 00:54:54]} {[%emt 00:00:16]} a6 {[%clk
00:54:48]} {[%emt 00:00:20]} 4. O-O {[%emt 00:00:16]} Nf6 {[%clk 00:54:41]}
{[%emt 00:00:09]} 5. Nc3 {[%clk 00:54:43]} {[%emt 00:00:08]} g6 {[%clk
00:54:39]} {[%emt 00:00:07]} 6. d3 {[%clk 00:54:31]} {[%emt 00:00:17]} Bg7
{[%clk 00:54:33]} {[%emt 00:00:10]} 7. Bg5 {[%clk 00:54:17]} {[%emt 00:00:20]}
O-O {[%clk 00:54:30]} {[%emt 00:00:08]} 8. h3 {[%clk 00:54:10]} {[%emt
00:00:12]} Qc7 {[%clk 00:53:59]} {[%emt 00:00:36]} 9. Qe2 {[%clk 00:53:51]}
{[%emt 00:00:25]} Nc6 {[%clk 00:53:50]} {[%emt 00:00:12]} 10. Nd5 {[%clk
00:53:47]} {[%emt 00:00:11]} Nxd5 {[%clk 00:53:39]} {[%emt 00:00:15]} 11. Bxd5
{[%clk 00:53:38]} {[%emt 00:00:13]} Bxb2 {[%clk 00:53:32]} {[%emt 00:00:13]}
12. Rab1 {[%clk 00:52:59]} {[%emt 00:00:44]} Nd4 {[%clk 00:52:57]} {[%emt
00:00:40]} 13. Nxd4 {[%clk 00:52:54]} {[%emt 00:00:10]} Bxd4 {[%clk 00:52:55]}
{[%emt 00:00:07]} 14. Bh6 {[%clk 00:51:07]} {[%emt 00:01:52]} Bg7 {[%clk
00:52:48]} {[%emt 00:00:12]} 15. Bxg7 {[%clk 00:50:42]} {[%emt 00:00:29]} Kxg7
{[%clk 00:52:44]} {[%emt 00:00:09]} 16. Qf3 {[%clk 00:49:47]} {[%emt 00:01:01]}
Rb8 {[%clk 00:51:27]} {[%emt 00:01:22]} 17. Rfe1 {[%clk 00:49:16]} {[%emt
00:00:37]} b5 {[%clk 00:50:40]} {[%emt 00:00:51]} 18. Qe3 {[%clk 00:47:10]}
{[%emt 00:02:11]} f6 {[%clk 00:49:44]} {[%emt 00:01:00]} 19. Rb2 {[%clk
00:45:01]} {[%emt 00:02:16]} a5 {[%clk 00:49:15]} {[%emt 00:00:33]} 20. a3
{[%clk 00:44:31]} {[%emt 00:00:35]} b4 {[%clk 00:48:29]} {[%emt 00:00:52]} 21.
axb4 {[%clk 00:44:07]} {[%emt 00:00:28]} cxb4 {[%clk 00:48:23]} {[%emt
00:00:12]} 22. Rc1 {[%clk 00:43:38]} {[%emt 00:00:33]} e6 {[%clk 00:48:14]}
{[%emt 00:00:13]} 23. Bc4 {[%clk 00:43:04]} {[%emt 00:00:40]} Bd7 {[%clk
00:47:55]} {[%emt 00:00:25]} 24. Ra2 {[%clk 00:41:01]} {[%emt 00:02:08]} Ra8
{[%clk 00:47:32]} {[%emt 00:00:27]} 25. Rca1 {[%emt 00:01:16]} Rfb8 {[%clk
00:47:03]} {[%emt 00:00:16]} 26. Qd4 {[%clk 00:39:38]} {[%emt 00:00:35]} a4
{[%clk 00:45:58]} {[%emt 00:01:09]} 27. Qb2 {[%clk 00:38:29]} {[%emt 00:01:15]}
a3 {[%clk 00:45:32]} {[%emt 00:00:31]} 28. Qb3 {[%clk 00:38:19]} {[%emt
00:00:16]} Ba4 {[%clk 00:45:06]} {[%emt 00:00:30]} 29. Qb1 {[%clk 00:37:33]}
{[%emt 00:00:51]} e5 {[%clk 00:44:52]} {[%emt 00:00:19]} 30. Bd5 {[%clk
00:37:22]} {[%emt 00:00:16]} Bc6 {[%clk 00:44:41]} {[%emt 00:00:16]} 31. Bc4
{[%clk 00:36:46]} {[%emt 00:00:42]} Bxe4 {[%clk 00:44:28]} {[%emt 00:00:17]}
32. f3 {[%clk 00:36:06]} {[%emt 00:00:45]} Qc5+ {[%clk 00:44:04]} {[%emt
00:00:29]} 33. Kf1 {[%clk 00:35:48]} {[%emt 00:00:24]} Bd5 {[%clk 00:43:56]}
{[%emt 00:00:12]} 34. Bxd5 {[%clk 00:35:31]} {[%emt 00:00:21]} Qxd5 {[%clk
00:43:32]} {[%emt 00:00:30]} 35. Qe1 {[%clk 00:34:48]} {[%emt 00:00:48]} b3
{[%clk 00:43:19]} {[%emt 00:00:18]} 36. cxb3 {[%clk 00:33:53]} {[%emt
00:00:59]} Qxd3+ {[%clk 00:43:15]} {[%emt 00:00:10]} 37. Kg1 {[%clk 00:32:35]}
{[%emt 00:01:24]} Qxb3 {[%clk 00:42:37]} {[%emt 00:00:42]} 38. Qc1 {[%clk
00:32:07]} {[%emt 00:00:33]} Rc8 {[%clk 00:36:18]} {[%emt 00:06:24]} 39. Qd2
{[%clk 00:30:48]} {[%emt 00:01:24]} d5 {[%clk 00:35:31]} {[%emt 00:00:51]} 40.
Kf1 {[%clk 00:28:26]} {[%emt 00:02:28]} d4 {[%clk 00:35:11]} {[%emt 00:00:25]}
41. Kf2 {[%clk 00:26:55]} {[%emt 00:01:36]} d3 {[%clk 00:34:28]} {[%emt
00:00:48]} 42. Kf1 {[%clk 00:26:04]} {[%emt 00:00:57]} Rc2 {[%clk 00:34:07]}
{[%emt 00:00:26]} 43. Rxc2 {[%clk 00:25:44]} {[%emt 00:00:24]} Qxc2 {[%clk
00:34:00]} {[%emt 00:00:11]} 44. Qxc2 {[%clk 00:25:40]} {[%emt 00:00:09]} dxc2
{[%clk 00:33:53]} {[%emt 00:00:13]} 45. Ke2 {[%clk 00:25:16]} {[%emt 00:00:29]}
a2 {[%clk 00:33:27]} {[%emt 00:00:31]} 46. Kd2 {[%clk 00:25:13]} {[%emt
00:00:09]} Rc8 {[%clk 00:32:52]} {[%emt 00:00:39]} 47. Rc1 {[%clk 00:24:37]}
{[%emt 00:00:41]} Kf7 {[%clk 00:32:43]} {[%emt 00:00:14]} 48. Kd3 {[%clk
00:23:18]} {[%emt 00:01:24]} a1=Q {[%emt 00:00:19]} 49. Rxa1 {[%clk 00:22:55]}
{[%emt 00:00:21]} c1=Q {[%emt 00:00:16]} 50. Rxc1 {[%clk 00:22:41]} {[%emt
00:00:09]} Rxc1 {[%clk 00:32:35]} {[%emt 00:00:05]} 51. Ke3 {[%clk 00:22:39]}
{[%emt 00:00:07]} f5 {[%clk 00:32:19]} {[%emt 00:00:21]} 52. f4 {[%clk
00:22:33]} {[%emt 00:00:12]} e4 {[%clk 00:32:16]} {[%emt 00:00:07]} 53. g4
{[%clk 00:22:27]} {[%emt 00:00:11]} Ke6 {[%clk 00:31:56]} {[%emt 00:00:25]} 54.
gxf5+ {[%clk 00:22:19]} {[%emt 00:00:13]} Kxf5 {[%clk 00:31:51]} {[%emt
00:00:10]} 55. h4 {[%clk 00:22:12]} {[%emt 00:00:12]} h5 {[%clk 00:31:46]}
{[%emt 00:00:10]} 56. Ke2 {[%clk 00:22:05]} {[%emt 00:00:13]} Kxf4 {[%clk
00:31:40]} {[%emt 00:00:09]} 57. Kf2 {[%clk 00:21:56]} {[%emt 00:00:15]} e3+
{[%clk 00:31:24]} {[%emt 00:00:21]} 58. Ke2 {[%emt 00:00:24]} Rc2+ 59. Ke1
{[%clk 00:21:49]} {[%emt 00:00:13]} Kf3 {[%clk 00:30:42]} {[%emt 00:00:33]} 60.
Kd1 {[%clk 00:21:42]} {[%emt 00:00:12]} Rh2 {[%clk 00:30:16]} {[%emt 00:00:30]}
61. Ke1 {[%clk 00:21:34]} {[%emt 00:00:13]} Rh1# {[%clk 00:28:52]} {[%emt
00:01:23]} 0-1

[Event "DVM U10 2020"]
[Site "Magdeburg GER"]
[Date "2021.08.08"]
[Round "6"]
[White "He, Saiqi"]
[Black "Middendorf, Sven-Jonas"]
[Result "1/2-1/2"]
[Termination "normal"]
[Board "3.1"]
[WhiteElo "1116"]
[BlackElo "1407"]
[WhiteClock "00:05:31"]
[BlackClock "00:00:16"]
[WhiteTeam "SchVgg Blankenese von 1923 e.V."]
[BlackTeam "SV Hellas Nauen e.V."]
[PlyCount "30"]
[WhiteFideId "16292723"]
[BlackFideId "16287207"]
[EventCountry "GER"]
[EventRounds "7"]
[EventType "team-swiss"]
[EventDate "2021.08.06"]

1. e4 {[%clk 00:55:09]} {[%emt 00:00:01]} e5 {[%clk 00:54:57]} {[%emt
00:00:13]} 2. Nf3 {[%clk 00:55:03]} {[%emt 00:00:11]} Nc6 {[%clk 00:54:55]}
{[%emt 00:00:06]} 3. Bc4 {[%clk 00:54:51]} {[%emt 00:00:18]} Bc5 {[%clk
00:54:51]} {[%emt 00:00:09]} 4. c3 {[%clk 00:54:40]} {[%emt 00:00:15]} Nf6
{[%clk 00:54:51]} {[%emt 00:00:05]} 5. d3 {[%clk 00:54:25]} {[%emt 00:00:20]}
d5 {[%clk 00:54:04]} {[%emt 00:00:53]} 6. exd5 {[%clk 00:53:16]} {[%emt
00:01:14]} Nxd5 {[%clk 00:53:42]} {[%emt 00:00:27]} 7. O-O {[%clk 00:51:53]}
{[%emt 00:01:27]} O-O {[%clk 00:52:07]} {[%emt 00:01:41]} 8. b4 {[%clk
00:51:01]} {[%emt 00:00:57]} Bb6 {[%emt 00:05:41]} 9. b5 {[%clk 00:48:19]} Na5
{[%clk 00:39:37]} {[%emt 00:09:46]} 10. Nxe5 {[%clk 00:46:08]} {[%emt
00:02:16]} Nxc4 {[%clk 00:36:43]} {[%emt 00:02:59]} 11. Nxc4 {[%clk 00:44:59]}
{[%emt 00:01:13]} Qf6 {[%clk 00:34:27]} {[%emt 00:02:22]} 12. Bb2 {[%clk
00:39:58]} {[%emt 00:05:06]} Re8 {[%clk 00:30:44]} {[%emt 00:03:47]} 13. Nxb6
{[%clk 00:33:30]} {[%emt 00:06:33]} Nxb6 {[%clk 00:28:43]} {[%emt 00:02:07]}
14. Nd2 {[%clk 00:31:26]} {[%emt 00:02:09]} Qg6 {[%clk 00:25:39]} {[%emt
00:03:09]} 15. Qf3 {[%clk 00:29:05]} {[%emt 00:02:25]} Na4 {[%clk 00:22:23]}
{[%emt 00:03:21]} 16. Rab1 {[%clk 00:25:38]} {[%emt 00:03:33]} Bf5 {[%clk
00:20:46]} {[%emt 00:01:42]} 17. Ne4 {[%clk 00:20:48]} {[%emt 00:04:54]} Bxe4
{[%clk 00:19:44]} {[%emt 00:01:08]} 18. dxe4 {[%clk 00:19:46]} {[%emt
00:01:07]} Qxe4 {[%clk 00:19:16]} {[%emt 00:00:32]} 19. Qg3 {[%clk 00:18:19]}
{[%emt 00:01:32]} Nxb2 {[%clk 00:18:05]} {[%emt 00:01:16]} 20. Rxb2 {[%clk
00:17:50]} {[%emt 00:00:35]} Re7 {[%clk 00:16:05]} {[%emt 00:02:05]} 21. h3
{[%clk 00:17:11]} {[%emt 00:00:45]} Rae8 {[%clk 00:15:06]} {[%emt 00:01:03]}
22. Rb4 {[%clk 00:15:57]} {[%emt 00:01:18]} Qe2 {[%clk 00:14:22]} {[%emt
00:00:49]} 23. Ra1 {[%clk 00:14:54]} {[%emt 00:01:08]} Qd2 {[%clk 00:10:46]}
{[%emt 00:03:42]} 24. Kh2 {[%clk 00:13:20]} {[%emt 00:01:40]} Qd6 {[%clk
00:09:19]} {[%emt 00:01:30]} 25. Qxd6 {[%clk 00:11:23]} {[%emt 00:02:02]} cxd6
{[%clk 00:09:14]} {[%emt 00:00:11]} 26. f3 {[%clk 00:10:18]} {[%emt 00:01:10]}
Rc7 {[%clk 00:08:27]} {[%emt 00:00:51]} 27. c4 {[%clk 00:09:42]} {[%emt
00:00:41]} Rec8 {[%clk 00:07:21]} {[%emt 00:01:12]} 28. Ra4 {[%clk 00:08:39]}
{[%emt 00:01:08]} Rxc4 {[%clk 00:04:54]} {[%emt 00:02:32]} 29. Rxa7 {[%clk
00:08:26]} {[%emt 00:00:17]} R4c7 {[%clk 00:03:58]} {[%emt 00:01:01]} 30. Rd1
{[%clk 00:07:50]} {[%emt 00:00:41]} Rd7 {[%clk 00:03:44]} {[%emt 00:00:21]} 31.
Kg3 {[%clk 00:07:19]} {[%emt 00:00:35]} f6 {[%clk 00:03:18]} {[%emt 00:00:31]}
32. Kf4 {[%clk 00:07:00]} {[%emt 00:00:24]} Kf7 {[%clk 00:03:00]} {[%emt
00:00:23]} 33. a4 {[%clk 00:06:23]} {[%emt 00:00:41]} d5 {[%clk 00:01:39]}
{[%emt 00:01:27]} 34. a5 {[%clk 00:06:09]} {[%emt 00:00:18]} Rc4+ {[%clk
00:01:15]} {[%emt 00:00:30]} 35. Kg3 {[%clk 00:05:57]} {[%emt 00:00:17]} Rb4
{[%clk 00:00:49]} {[%emt 00:00:31]} 36. a6 {[%clk 00:05:34]} {[%emt 00:00:28]}
Rxb5 {[%clk 00:00:42]} {[%emt 00:00:12]} 37. axb7 {[%clk 00:05:22]} {[%emt
00:00:17]} Ke6 {[%clk 00:00:13]} {[%emt 00:00:34]} 38. b8=Q {[%clk 00:05:16]}
{[%emt 00:00:11]} Rxb8 {[%clk 00:00:14]} {[%emt 00:00:05]} 39. Rxd7 {[%clk
00:04:59]} {[%emt 00:00:22]} Kxd7 {[%clk 00:00:17]} {[%emt 00:00:02]} 40. Rxd5+
{[%clk 00:05:01]} {[%emt 00:00:02]} Ke6 {[%clk 00:00:20]} {[%emt 00:00:03]} 41.
Rd3 {[%clk 00:05:04]} {[%emt 00:00:01]} g5 {[%clk 00:00:21]} {[%emt 00:00:04]}
42. Re3+ {[%clk 00:05:08]} Kf7 {[%clk 00:00:24]} {[%emt 00:00:02]} 43. Kg4
{[%clk 00:05:12]} Kg6 {[%clk 00:00:26]} {[%emt 00:00:03]} 44. Kg3 {[%clk
00:05:15]} {[%emt 00:00:03]} f5 {[%clk 00:00:19]} {[%emt 00:00:11]} 45. Re6+
{[%clk 00:05:18]} {[%emt 00:00:02]} Kh5 {[%clk 00:00:22]} {[%emt 00:00:02]} 46.
Re5 {[%clk 00:05:19]} {[%emt 00:00:04]} f4+ {[%clk 00:00:23]} {[%emt 00:00:04]}
47. Kh2 {[%clk 00:05:23]} {[%emt 00:00:01]} Rb2 {[%clk 00:00:13]} {[%emt
00:00:15]} 48. Re7 {[%clk 00:05:26]} {[%emt 00:00:02]} h6 {[%clk 00:00:15]}
{[%emt 00:00:03]} 49. Re6 {[%clk 00:05:27]} {[%emt 00:00:03]} Rc2 {[%clk
00:00:13]} {[%emt 00:00:08]} 50. Rd6 {[%clk 00:05:31]} {[%emt 00:00:01]} Rb2
{[%clk 00:00:16]} 1/2-1/2